000 00777nam a2200241 i 4500
001 180818
003 ES-MaACL
005 20250821102025.0
008 120717s1991 sp ao |||| | spa d
020 _a84-7679-199-2
080 _a72.035(460)
100 1 _aDarias Príncipe, Alberto.
_9151009
245 1 0 _aArquitectura del siglo XIX /
_cpor Alberto Darias Príncipe.
260 _aMadrid :
_bHistoria Viva,
_c[1991]
300 _aVIII, 31 p. :
_bil. col. y n. ;
_c24 cm.
490 1 _aCuadernos de arte español ;
_v37
504 _aBibliografía: p. 31.
594 _aEn cub.: Historia 16.
650 7 _aArquitectura española-
_yS.XIX.
_9151010
830 0 0 _aCuadernos de arte español
_v37
_9191338
852 _aES-MaACL
_j2314-F-13
999 _c180818
_d180818